000 00679cam a22002413a 4500
001 2515
003 PGUSA
005 20140828083015.0
008 010201s2001||||xxu|||||s|||||000 1 eng d
040 _aPGUSA
_beng
042 _adc
050 4 _aPS
100 1 _aPrentiss, E.
_q(Elizabeth),
_d1818-1878
245 1 0 _aStepping Heavenward
_h[electronic resource] /
_cE. Prentiss
260 _bProject Gutenberg,
_c2001
506 _aPublic domain in the USA.
516 _aElectronic text
653 _aConduct of life -- Fiction
653 _aChristian life -- Fiction
830 0 _aProject Gutenberg
_v2515
856 4 0 _uhttp://www.gutenberg.org/ebooks/2515
942 _cEB
999 _c231852
_d231852